| 000 | 00800nam a2200265 a 4500 | ||
|---|---|---|---|
| 001 | 000044250 | ||
| 003 | DO-SdBNP | ||
| 005 | 20240209105303.0 | ||
| 007 | 000044250 | ||
| 008 | 140611s2011 dr ac 000 0 spa d | ||
| 020 | _a 9789945429305 | ||
| 040 |
_aBPMSU _bspa _cBPMSU |
||
| 082 | 4 |
_aRD863.44 _bF866a 2023 _222 |
|
| 100 | 1 | _aFreixas, Verouschka | |
| 245 | 1 | 0 |
_aAna ama el chocolate / _cVerouschka Freixas. |
| 260 |
_aSanto Domingo : _bAfaguara Infantil, _c2013 _g |
||
| 300 |
_a29 p. : _bil., retrs. ; _c19 cm. |
||
| 490 | 0 | _aAlfaguara infantil | |
| 590 | _aInventariado, 2023/VM | ||
| 650 | 4 |
_aCuentos infantiles dominicanos _2 |
|
| 650 | 4 |
_aLiteratura infantil dominicana _2 |
|
| 650 | 4 | _aLibros infantiles ilustrados | |
| 910 | _aVMateo V. Control de calidad. BPMSU | ||
| 942 |
_2ddc _cBK |
||
| 999 |
_c7227 _d7227 |
||